Braunwald. Tratado de Cardiología. Texto de medicina cardiovascular. (Registro nro. 2653)

Detalles MARC
000 -LEADER
fixed length control field 01212nam a2200277 a 4500
005 - FECHA ULTIMA MODIFICACION
control field 20240417111918.0
008 - CAMPO DE CONTROL (LIBRO)
fixed length control field 180208t2013||||sp a f |||| 001 0 spa d
020 ## - INTERNATIONAL STANDARD BOOK NUMBER
ISBN 9788480869966
041 ## - CODIGO DE IDIOMA
Código de idioma del texto/pista de sonido o título separado spa
092 ## - SIGNATURA TOPOGRAFICA DEWEY LOCAL
número de clasificación 616.12
libristica 8
sección BRA
245 ## - TITULO PROPIAMENTE DICHO
Título Braunwald. Tratado de Cardiología. Texto de medicina cardiovascular.
Subtítulo y Título paralelo T.2 /
Mención de responsabilidad y remanente de la transcripción de la portada Bonow, Robert O.
250 ## - MENCION DE EDICION
Mención de edición 9a ed.
Mención de responsabilidad relacionada con la ed. Revisión científica Luis Rodriguez Padial
260 ## - PIE DE IMPRENTA
Lugar de publicación, distribución, etc Barcelona:
Nombre de la editorial, distribuidor, etc Elsevier Saunders;
Fecha de publicación 2013.
300 ## - DESCRIPCION FISICA
Extension 1061-1986 p.
500 ## - NOTA GENERAL
Nota general Bonow, R. O. (Dir.). et al. (2013). Braunwald. Tratado de Cardiología. Texto de medicina cardiovascular. T.2 (9a ed.). Barcelona : Elsevier Saunders.
590 ## - NOTAS LOCALES (RLIN)
Nota local Donación Dr. Fontenla, Miguel. Noviembre 2017.
653 ## - TÉRMINO INDIZADO - PALABRAS CLAVES
Palabra clave Enfermedades cardiovasculares ateroescleroticas
653 ## - TÉRMINO INDIZADO - PALABRAS CLAVES
Palabra clave Enfermedades del corazón, el pericardio y el lecho vascular pulmonar
653 ## - TÉRMINO INDIZADO - PALABRAS CLAVES
Palabra clave Enfermedades cardiovasculares en poblaciones especiales
653 ## - TÉRMINO INDIZADO - PALABRAS CLAVES
Palabra clave Enfermedades cardiovasculares y trastornos de otros órganos
700 1# - ENTRADAS SECUNDARIAS - NOMBRE PERSONAL
Nombre personal Bonow, Robert O.
Función Dir.
9 (RLIN) 3405
700 1# - ENTRADAS SECUNDARIAS - NOMBRE PERSONAL
Nombre personal Mann, Douglas L.
Función Dir.
9 (RLIN) 3406
700 1# - ENTRADAS SECUNDARIAS - NOMBRE PERSONAL
Nombre personal Zipes, Douglas P.
Función Dir.
9 (RLIN) 3407
700 1# - ENTRADAS SECUNDARIAS - NOMBRE PERSONAL
Nombre personal Libby, Peter
Función Dir.
9 (RLIN) 3408
942 ## - ADDED ENTRY ELEMENTS (KOHA)
Source of classification or shelving scheme Dewey Decimal Classification
Item type Libros
Existencias
Estado de retiro Existencia Fuente de clasificación Estado general No para prestamo Ubicación permanente ubicación actual Sala de ubicación Fecha de adquisición Fuente de adquisición Total Checkouts Total Renewals Número de clasificación Código de barras Date last seen Date last borrowed Número de ejemplar Price effective from Koha tipo de elemento (item) Public note
    Dewey Decimal Classification     Biblioteca Medicina Biblioteca Medicina Circulación 08/02/2018 Donación Dr. Fontela, Miguel. Noviembre 2017 8 5 616.12 8 BRA 4062 07/04/2025 31/03/2025 Ej. 1 08/02/2018 Libros Donación Dr. Fontela, Miguel. Noviembre 2017

UNIVERSIDAD NACIONAL DEL COMAHUE
Biblioteca de la Facultad de Ciencias Médicas
Sede Toschi: Los Arrayanes y Av. Toschi, Cipolletti  - Rio Negro
Sede Los Tordos:  Yrigoyen al 2211, Cipolletti - Rio Negro 

Teléfono: 0299 - 4774707 int 25
Contacto: biblioteca@facimed.uncoma.edu.ar
© 2011 - 2026